logo

Bir Sreshtho Munshi Abdur Rouf Library
Jhenaidah Cadet College

Waves and Oscillations / (Record no. 6511)

MARC details
000 -LEADER
fixed length control field 00691nam a22002657a 4500
001 - CONTROL NUMBER
JCCL Control Number 6511
003 - CONTROL NUMBER IDENTIFIER
JCCL marc code BD-JhCC
005 - DATE AND TIME OF LATEST TRANSACTION
control field 20180425112016.0
008 - FIXED-LENGTH DATA ELEMENTS--GENERAL INFORMATION
fixed length control field 180124s2011 xxua|||| |||| 00| 0 eng d
020 ## - INTERNATIONAL STANDARD BOOK NUMBER
International Standard Book Number 0706985435
035 ## - SYSTEM CONTROL NUMBER
system control number (BD-JhCC)6511
040 ## - CATALOGING SOURCE
Original cataloging agency BD-JhCC
Modifying agency BD-JhCC
041 ## - LANGUAGE CODE
Language code of Book eng
082 ## - DEWEY DECIMAL CLASSIFICATION NUMBER
Classification number 531.1133
Author mark and Year SUB 2011
100 ## - MAIN ENTRY--PERSONAL NAME
Personal name Subrahmanyam, N
245 ## - TITLE STATEMENT
Title Waves and Oscillations /
Statement of responsibility, etc N Subrahmanyam and Brij Lal
250 ## - EDITION STATEMENT
Edition statement 2nd ed.
260 ## - PUBLICATION, DISTRIBUTION, ETC. (IMPRINT)
Place of publication, distribution, etc New Delhi :
Name of publisher, distributor, etc Vikash Publishing House PVT LTD,
Date of publication, distribution, etc 2011.
300 ## - PHYSICAL DESCRIPTION
Pagination 432 p. :
Other physical details ill.;
Dimensions 22 cm.
650 ## - SUBJECT ADDED ENTRY--TOPICAL TERM
Topical term or geographic name as entry element Oscillations
650 ## - SUBJECT ADDED ENTRY--TOPICAL TERM
Topical term or geographic name as entry element Mathematical Physics
700 ## - ADDED ENTRY--PERSONAL NAME
Personal name Lal, Brij
942 ## - ADDED ENTRY ELEMENTS (KOHA)
Source of classification or shelving scheme Dewey Decimal Classification
Koha item type Books
Holdings
Source of classification or shelving scheme Damaged status Not for loan Home library Current library Shelving location Date of accession Cost, normal purchase price Total Checkouts Full call number Barcode Date last seen Copy number Koha item type Date checked out
Dewey Decimal Classification     JCC Rouf Library JCC Rouf Library General Stacks 01/24/2018 120.00   531.1133 SUB 2011 8781 01/24/2018 C-1 Books  
Dewey Decimal Classification     JCC Rouf Library JCC Rouf Library General Stacks 04/25/2018 425.00   531.1133 SUB 2011 13719 04/25/2018 C-2 Books  
Dewey Decimal Classification     JCC Rouf Library JCC Rouf Library General Stacks 04/25/2018 425.00 1 531.1133 SUB 2011 13720 10/16/2023 C-3 Books 05/29/2023

JCC Library | Contacts | JCC Home

Last Update on 23 September 2017
Copyright @ 2017-2020 JCC Rouf Library
Rouf Library, Jhenidah Cadet College (JCC), Bangladesh